Environmentálne hodnotenie priemyselných parkov v podmienkach Slovenskej republiky

Skúsenosti s environmentálnym hodnotením priemyselných a technologických parkov v Slovenskej republike.

Enregistré dans:
Détails bibliographiques
Auteur principal: Finka, Maroš
Autres auteurs: Belčáková, Ingrid
Format: Chapitre de livre
Langue:slovaque
Sujets:
Tags: Ajouter un tag
Pas de tags, Soyez le premier à ajouter un tag!

MARC

LEADER 00000naa a2200000 4500
001 r046317
005 20230928074358.0
041 0 |a slo 
044 |a SK 
245 1 0 |a Environmentálne hodnotenie priemyselných parkov v podmienkach Slovenskej republiky  |c Maroš Finka, Ingrid Belčáková 
520 |a Skúsenosti s environmentálnym hodnotením priemyselných a technologických parkov v Slovenskej republike. 
610 2 0 |a parky priemyselné 
610 2 0 |a environmentalistika 
610 2 0 |a Slovensko 
100 1 |a Finka, Maroš 
700 1 |a Belčáková, Ingrid